Cosmic chemical evolution (Record no. 14688)

MARC details
000 -LEADER
fixed length control field 00835nam a2200241Ia 4500
003 - CONTROL NUMBER IDENTIFIER
control field IN-BaIIA
008 - FIXED-LENGTH DATA ELEMENTS--GENERAL INFORMATION
fixed length control field 211028s9999 xx 000 0 eng d
020 ## - INTERNATIONAL STANDARD BOOK NUMBER
International Standard Book Number 1-4020-0449-4
040 ## - CATALOGING SOURCE
Transcribing agency IIA Library
080 ## - UNIVERSAL DECIMAL CLASSIFICATION NUMBER
Universal Decimal Classification number 082.2:52
Item number IAU-S187
111 ## - MAIN ENTRY--MEETING NAME
Meeting name or jurisdiction name as entry element International Astronomical Union Symposium
Number of part/section/meeting 187th
Location of meeting Kyoto, Japan
Date of meeting or treaty signing 1997 Aug. 26-30
9 (RLIN) 26237
245 #0 - TITLE STATEMENT
Title Cosmic chemical evolution
Remainder of title proceedings of the 187th IAU Symposium held in Kyoto, Japan, August 26-30, 1997
Statement of responsibility, etc. edited by K. Nomoto and K. W. Truran
260 ## - PUBLICATION, DISTRIBUTION, ETC.
Place of publication, distribution, etc. Dordrecht
Name of publisher, distributor, etc. Kluwer Academic
Date of publication, distribution, etc. 2002
300 ## - PHYSICAL DESCRIPTION
Extent ix, 242p.
490 ## - SERIES STATEMENT
Series statement IAU Symposium; no. 187
650 ## - SUBJECT ADDED ENTRY--TOPICAL TERM
Topical term or geographic name entry element Chemical Evolution
9 (RLIN) 15336
650 ## - SUBJECT ADDED ENTRY--TOPICAL TERM
Topical term or geographic name entry element Galaxies
9 (RLIN) 1286
650 ## - SUBJECT ADDED ENTRY--TOPICAL TERM
Topical term or geographic name entry element Nuleosynthesis
9 (RLIN) 26238
650 ## - SUBJECT ADDED ENTRY--TOPICAL TERM
Topical term or geographic name entry element Stars
700 ## - ADDED ENTRY--PERSONAL NAME
Personal name Nomoto, K., ed.
9 (RLIN) 16174
700 ## - ADDED ENTRY--PERSONAL NAME
Personal name Truran, K. W., ed.
9 (RLIN) 26239
942 ## - ADDED ENTRY ELEMENTS (KOHA)
Koha item type Books
Holdings
Withdrawn status Lost status Damaged status Not for loan Home library Current library Shelving location Date acquired Cost, normal purchase price Total Checkouts Full call number Barcode Date last seen Cost, replacement price Price effective from Koha item type Purchase Price
        IIA Library-Bangalore IIA Library-Bangalore General Stacks 28/06/2002 1897.74   082.2:52/ IAU-S187 15610 05/11/2021 1897.74 28/06/2002 Books Rs. 1897.74

Powered by Koha